Az időskorúak helyzete a szociális ellátórendszerben

Elmentve itt :
Bibliográfiai részletek
Szerző: Dénesné Kuti Mónika
További közreműködők: Lőrinczné Kis Andrea (Témavezető)
Dokumentumtípus: Szakdolgozat
Megjelent: 2011
Tárgyszavak:
Online Access:http://diploma.bibl.u-szeged.hu/92480
LEADER 00671nta a2200181 i 4500
001 dipl92480
005 20210521121929.0
008 200824s2011 hu om 0|| zxx d
040 |a SZTE Diploma Repozitórium  |b hun 
041 |a zxx 
100 2 |a Dénesné Kuti Mónika 
245 1 3 |a Az időskorúak helyzete a szociális ellátórendszerben  |h [elektronikus dokumentum] /  |c Mónika Dénesné Kuti 
260 |c 2011 
650 4 |a Orvos- és egészségtudományok 
650 4 |a Medical and health sciences 
650 4 |a Health sciences 
700 2 |a Lőrinczné Kis Andrea  |e ths 
856 4 0 |u http://diploma.bibl.u-szeged.hu/id/eprint/92480/1/2011_denesne_kuti_monika.pdf  |z Dokumentum-elérés